=LDR 00000nam 2200000 4500 =001 INLIS000000000029994 =005 20130612132159 =008 ***********************************ind** =035 ##$$0010-061300000029994 =041 ##$$a ind =082 ##$$a 331.11 =090 ##$$a 331.11, SUT p =100 ##$$a Sutomo, Hedi =245 ##$$a Proyeksi angkatan kerja dalam dua dekade, Hedi Sutomo =260 ##$$a 1984 $b Yogyakarta =300 ##$$a 40 hlm., 22 cm =650 ##$$a Tenaga Kerja =850 ##$$a NBPNMAT